Inventory Control of Computer Hardware (Record no. 97246)

MARC details
000 -LEADER
fixed length control field 00377nam a2200145Ia 4500
008 - FIXED-LENGTH DATA ELEMENTS--GENERAL INFORMATION
fixed length control field 230128s9999 xx 000 0 und d
041 ## - LANGUAGE CODE
Language code of text/sound track or separate title eng
082 ## - DEWEY DECIMAL CLASSIFICATION NUMBER
Classification number KUL PR0216
Item number KUL
100 ## - MAIN ENTRY--PERSONAL NAME
Personal name Kulkarni M K ( 2K4214)
9 (RLIN) 118948
245 ## - TITLE STATEMENT
Title Inventory Control of Computer Hardware
260 ## - PUBLICATION, DISTRIBUTION, ETC. (IMPRINT)
Date of publication, distribution, etc. 2006
Name of publisher, distributor, etc. Pune University
Place of publication, distribution, etc. Pune
300 ## - PHYSICAL DESCRIPTION
Extent 115p
502 ## - DISSERTATION NOTE
Name of granting institution Ranade

No items available.